000
00268nam a22000977a 4500
999
_c
521495
_d
521495
082
_a
A45:V5 KERA/2021-22
100
_a
Kerala State Electricity Regulatory Commission
_9
16853
245
_a
Annual report, 2021-22
260
_a
Trivandrum
_b
The author
_c
2022
300
_a
74p.